Las curaciones milagrosas modernas / (Record no. 35402)

MARC details
000 -LEADER
campo de control de longitud fija 00731nam a2200217 i 4500
001 - NÚMERO DE CONTROL
campo de control 35402
003 - IDENTIFICADOR DE NÚMERO DE CONTROL
campo de control ES-MaACL
005 - FECHA Y HORA DE LA ÚLTIMA TRANSACCIÓN
campo de control 20250927114153.0
007 - CAMPO FIJO DE DESCRIPCIÓN FÍSICA--INFORMACIÓN GENERAL
campo de control de longitud fija t|
008 - DATOS DE LONGITUD FIJA--INFORMACIÓN GENERAL
campo de control de longitud fija 030212s1953 sp ||||1| spa d
100 1# - ENTRADA PRINCIPAL--NOMBRE DE PERSONA
Nombre de persona Bon, Henri.
9 (RLIN) 30040
245 14 - MENCIÓN DEL TÍTULO
Título Las curaciones milagrosas modernas /
Mención de responsabilidad, etc. Henri Bon y Francisco Leuret ; traducción por José María Bernáldez.
260 ## - PUBLICACIÓN, DISTRIBUCIÓN, ETC.
Lugar de publicación, distribución, etc. Madrid :
Nombre del editor, distribuidor, etc. Fax,
Fecha de publicación, distribución, etc. 1953 (
Fabricante Halar)
300 ## - DESCRIPCIÓN FÍSICA
Extensión 268 p. ;
Dimensiones 20 cm.
490 1# - MENCIÓN DE SERIE
Mención de serie Psicología, medicina, pastoral
700 1# - ENTRADA AGREGADA--NOMBRE PERSONAL
Nombre de persona Bernáldez Montalvo, José María.
9 (RLIN) 153063
700 1# - ENTRADA AGREGADA--NOMBRE PERSONAL
Nombre de persona Leuret, François,
Fechas asociadas al nombre 1797-1851
9 (RLIN) 128914
830 0# - PUNTO DE ACCESO ADICIONAL DE SERIE-TÍTULO UNIFORME
Título uniforme Psicología, medicina, pastoral
9 (RLIN) 180800
852 ## - LOCALIZACIÓN
Ubicación ES-MaACL
Número de control de estantería C-6232
Sublocalización o colección R.35332
Holdings
Estatus retirado Estado de pérdida Estado de daño No para préstamo Biblioteca de origen Biblioteca actual Ubicación en estantería Fecha de adquisición Fuente de adquisición Total de préstamos Signatura topográfica completa Código de barras Visto por última vez Precio de reemplazo Tipo de ítem Koha
        Biblioteca del Ateneo de Madrid Biblioteca del Ateneo de Madrid Sala Palomar 17/01/2008     C-6232 1037037 23/02/2023 23/02/2023 Libro impreso